00571nam a22001937a 450000500170000001000130001702000230003003500130005303700160006604000120008208200110009424500840010526000480018927000500023730000250028765000230031265000260033570000160036120170124110212.0 aA-820970 c00.00a81870247918 aA-820970 bCen Lib/Ret aDPLbEN aSbCRI aCrime in the west :ccompiled by Ajaib Singhbtrue horror stories in the west / aNew DelhibAPH Publishing Corporationc1996 a5, Ansari Road, Daryaganj bNew Delhie110002 axvi,437p. c19cm(Hb) aEnglish -- fiction aEnglish -- literature aAjaib Singh